000
00223nam a22000857a 4500
008
160915b xxu||||| |||| 00| 0 eng d
100
_9
499
_a
Dixit.J.B.
245
_a
Mathematics-Lab X
260
_a
New Delhi
_b
L.P. publications
_c
2011
999
_c
3156
_d
3156